Electrical stimulation of the Gasserian Ganglion induces structural alterations of calcitonin gene-related peptide-immunoreactive perivascular sensory nerve terminals in the rat cerebral dura mater a possible model of migraine headache /

Calcitonin gene-related peptide (CGRP)- positive sensory nerve fibers in the rat supratentorial cerebral dura mater are equipped with varicosities and club-like nerve terminals, often attached to the walls of blood vessels. Brief electrical stimulation of the Gasserian ganglion results in significan...

Teljes leírás

Elmentve itt :
Bibliográfiai részletek
Szerzők: Knyihár-Csillik Erzsébet
Tajti János
Mohtasham Samsam
Sáry Gyula
Vécsei László
Dokumentumtípus: Cikk
Megjelent: 1995
Sorozat:NEUROSCIENCE LETTERS 184
doi:10.1016/0304-3940(94)11203-U

mtmt:1164595
Online Access:http://publicatio.bibl.u-szeged.hu/10548
LEADER 01852nab a2200253 i 4500
001 publ10548
005 20221027083128.0
008 170215s1995 hu o 0|| zxx d
022 |a 0304-3940 
024 7 |a 10.1016/0304-3940(94)11203-U  |2 doi 
024 7 |a 1164595  |2 mtmt 
040 |a SZTE Publicatio Repozitórium  |b hun 
041 |a zxx 
100 2 |a Knyihár-Csillik Erzsébet 
245 1 0 |a Electrical stimulation of the Gasserian Ganglion induces structural alterations of calcitonin gene-related peptide-immunoreactive perivascular sensory nerve terminals in the rat cerebral dura mater  |h [elektronikus dokumentum] :  |b a possible model of migraine headache /  |c  Knyihár-Csillik Erzsébet 
260 |c 1995 
300 |a 189-192 
490 0 |a NEUROSCIENCE LETTERS  |v 184 
520 3 |a Calcitonin gene-related peptide (CGRP)- positive sensory nerve fibers in the rat supratentorial cerebral dura mater are equipped with varicosities and club-like nerve terminals, often attached to the walls of blood vessels. Brief electrical stimulation of the Gasserian ganglion results in significant swelling and increased immunohistochemical staining of ipsilateral perivascular club-like terminals, while long-lasting electrical stimulation induces their disintegration or bursting, resulting in irregular, corroded outlines of terminals and en passant beads. Stimulation-induced morphological alterations of perivascular terminals may represent a structural basis of increased CGRP content in jugular blood which follows electrical stimulation of the Gasserian ganglion and accompanies migraine attacks. 
700 0 1 |a Tajti János  |e aut 
700 0 1 |a Mohtasham Samsam  |e aut 
700 0 1 |a Sáry Gyula  |e aut 
700 0 1 |a Vécsei László  |e aut 
856 4 0 |u http://publicatio.bibl.u-szeged.hu/10548/1/Knyihar_E._Electrical_stim._Gasserial_ganglion_u.pdf  |z Dokumentum-elérés